00391nam a22001577a 450000500170000000800410001704000070005804100120006508200210007710000150009824500310011326000430014465000210018765000080020870000170021620230303144215.0230303b ||||| |||| 00| 0 eng d cAL aEnglish 223a386/11bKAPE aN D Kapoor aElements of Mercantile Law aNew DelhibSultan Chand and Sonsc1977 a Commercial Law  aLaw aKAPOOR (N D)